La construction des ponts : évolution et tendances /

Guardado en:
Autor Principal: Vallette, R.
Formato: Libro
Idioma:French
Publicado: Paris : Dunod, 1959.
Edición:3. ed.
Etiquetas: Agregar Etiqueta
Sin Etiquetas, Sea el primero en etiquetar este registro!
LEADER 00466nam a22001575a 4500
001 EUN.um035341
003 AR-BaUNS
005 20050623122908.0
008 041125s1959####fr#a##########000#0#fre#d
245 1 3 |a La construction des ponts :  |b évolution et tendances /  |c R. Vallette. 
260 |a Paris :  |b Dunod,  |c 1959. 
300 |a 161 p. :  |b ilus. ;  |c 21,5 cm. 
100 1 |a Vallette, R. 
082 0 4 |a 624 
250 |a 3. ed. 
859 |a Ar-BaUNS  |b BIB. CENTRAL - Sector C  |h 624  |i V243  |p 51245/969